书目信息 |
| 题名: |
高职高专教育改革与建设
|
|
| 作者: | ;教育部 编 | |
| 分册: | ||
| 出版信息: | 北京 高等教育出版社 2007 |
|
| 页数: | 750页 | |
| 开本: | 26cm | |
| 丛书名: | ||
| 单 册: | ||
| 中图分类: | G719.21 | |
| 科图分类: | ||
| 主题词: | 高等教育--教育改革--文件--中国--2004~2005--汇编 , 高等教育 , 教育改革 , 文件 , 教育--类型 | |
| 电子资源: | ||
| ISBN: | 978-7-04-019857-7 | |
| 000 | 01184nam0 2200277 450 | |
| 001 | 1237404110 | |
| 005 | 20121007102406.87 | |
| 010 | @a978-7-04-019857-7@dCNY80.00 | |
| 100 | @a20080102d2007 em y0chiy50 ea | |
| 101 | 0 | @achi |
| 102 | @aCN@b110000 | |
| 105 | @ay z 000yy | |
| 200 | 1 | @a高职高专教育改革与建设@Agao zhi gao zhuan jiao yu gai ge yu jian she@e2004-2005年高职高专教育文件资料汇编@f中华人民共和国教育部高等教育司编 |
| 210 | @a北京@c高等教育出版社@d2007 | |
| 215 | @a750页@d26cm | |
| 330 | @a本书由上下两篇共四个部分组成。第一部分为“领导讲话”,收录了国务院和教育部有关领导的重要讲话;第二部分为“政策与文件”,收录了与高职高专教育的有关文件;第三部分为“改革与建设”,介绍了高职高专教育相应方面所取得的改革与建设成果;第四部分为“动态与信息”。 | |
| 517 | 1 | @a2004-2005年高职高专教育文件资料汇编@A2004-2005 nian gao zhi gao zhuan jiao yu wen jian zi liao hui bian |
| 606 | 0 | @a高等教育@x教育改革@x文件@y中国@z2004~2005@j汇编 |
| 606 | 0 | @a高等教育 |
| 606 | 0 | @a教育改革 |
| 606 | 0 | @a文件 |
| 606 | 0 | @a教育@x类型 |
| 690 | @aG719.21@v4 | |
| 711 | 02 | @a教育部@Ajiao yu bu@b高等教育司@4编 |
| 801 | 0 | @aCN@bNLC@c20101222 |
| 905 | @a10447@dG719.21@eJY156 | |
| 高职高专教育改革与建设:2004-2005年高职高专教育文件资料汇编/中华人民共和国教育部高等教育司编.-北京:高等教育出版社,2007 |
| 750页;26cm |
| ISBN 978-7-04-019857-7:CNY80.00 |
| 本书由上下两篇共四个部分组成。第一部分为“领导讲话”,收录了国务院和教育部有关领导的重要讲话;第二部分为“政策与文件”,收录了与高职高专教育的有关文件;第三部分为“改革与建设”,介绍了高职高专教育相应方面所取得的改革与建设成果;第四部分为“动态与信息”。 |
| ● |
| 相关链接 |
|
|
|
|
正题名:高职高专教育改革与建设
索取号:G719.21/JY156
 
预约/预借
| 序号 | 登录号 | 条形码 | 馆藏地/架位号 | 状态 | 备注 |
| 1 | 7828232 | 278282323 | 学院路分馆/ [索取号:G719.21/JY156] | 在馆 | |
| 2 | 7828233 | 278282332 | 学院路分馆/ [索取号:G719.21/JY156] | 在馆 |